000 009270000a22002770004500
001 48722
010 _a972-575-090-X
021 _aPT
_b33164/90
100 _a20030210d2003 k y0pory5003 ba
101 0 _apor
102 _aPT
200 1 _aMuito barulho para nada
_fWilliam Shakespeare
_gadapt. Charles Lamb e Mary Lamb
_gilust. Luís Gaspar
210 _aLisboa
_cContexto
_d1990
215 _a32 p
_d18 cm
225 2 _aContos de Shakespeare
_v12
304 _aTítulo original: Much ado about nothing
606 _aLiteratura estrangeira
_xConto
675 _a821.111-34"19"
_vBN
_zpor
700 1 _aShakespeare
_bWilliam
_f1564-1616
702 1 _926747
_4010
_aLamb
_bCharles
_f1775-1834
702 _926752
_4010
_aLamb
_bMary
_f1764-1847
702 _921542
_4730
_aGaspar
_bLuís Manuel
702 _921540
_4440
_aGaspar
_bLuís
090 _a48722
942 _cMON
_n0
999 _a48722